| 000 | 00532nam a22001817a 4500 | ||
|---|---|---|---|
| 003 | NUST - PNEC | ||
| 005 | 20170116180825.0 | ||
| 008 | 150702b xxu||||| |||| 00| 0 eng d | ||
| 020 | _a997110041X | ||
| 040 | _cLIBRARY | ||
| 082 | _a425 UND | ||
| 100 |
_95350 _aPereira, Desmond P. |
||
| 245 |
_aUnderstand and communicate: An english course for secondary school _c Desmond P.Pereira |
||
| 260 |
_aHong kong _bFEP international private ltd _cc1978. |
||
| 300 | _a296 p. : | ||
| 650 |
_94311 _aEnglish _xGeneral |
||
| 942 |
_2ddc _cBK |
||
| 999 |
_c63853 _d63853 |
||